000 01413nam a2200397 c 4500
100 _aДушков, Живодар Иванов
_eпърви автор
_9368890
999 _c191915
_d191915
003 BLK
005 20230804005144.0
008 180411b bul|||||r ||||||| ||bul||
010 _aKNG00201079000
020 _a978-619-207-099-1
040 _aBLK
041 _aBUL
_cBUL
072 7 _2bullib
_aН84
_xБългарска художествена литература Н
080 _aБългарска литература
_b821.163.2
_x-1
_z821.163.2-1
139 _aДушков, Живодар Иванов
_bД 94
245 1 0 _aСнимки от живота
_bЕпиграми, стихотворения, разкази
_cЖиводар Иванов Душков; худож. Христо Грозев.
257 _aBGR
260 _bМедиатех
_c2017
300 _a60 с.
_c14 см
380 _aX
653 _aепиграми
653 _aстихотворения
653 _aразкази
659 _aК
659 _aН
700 1 _aГрозев, Христо
_eхудож.
_9284981
852 _aЦб І 37064
852 _aК 821.163.2/Д 94 Ж
856 4 _qpdf
856 4 _qpdf
942 _cKNG
_n0
_s1
944 _aCR
_c16.02.2017
_lCRON CRON
_k
944 _aED
_c10.03.2017
_lф /
_kЛюдмила_Стоянова
999 _d191915